Statistics for February Birthdays

Click here to take the quiz!

General Stats

  • This quiz has been taken 146 times
    (65 since last reset)
  • The average score is 17 of 29

Answer Stats

#HintPerson% Correct
4Civil rights activist who refused to give up her seat on a segregated Alabama bus.Rosa Parks
91%
12President during the United States Civil War.Abraham Lincoln
89%
2Colombian singer known for hits like "Hips Don't Lie" and "Whenever, Wherever."Shakira
89%
6Legendary reggae artist and well-known Rastafarian.Bob Marley
87%
7Author of "A Christmas Carol," "Great Expectations," and "Oliver Twist."Charles Dickens
87%
22First President of the United States of America.George Washington
85%
1Youngest member of the boy band One Direction.Harry Styles
84%
24Co-founder and former CEO of Apple, Inc.Steve Jobs
80%
16Supreme leader of North Korea from 1994 to 2011.Kim Jong-il
76%
20R&B Singer from Barbados with songs like "Disturbia," "Umbrella," and "We Found Love."Rihanna
75%
11Invented the first incandescent light bulb, as well as the phonograph and motion picture camera.Thomas Edison
75%
17Considered by many to be the greatest basketball player of all time.Michael Jordan
71%
5Team player for Real Madrid, often considered one of the best footballers ever.Cristiano Ronaldo
69%
25Lead guitarist for the Beatles and member of the Traveling Wilburys.George Harrison
65%
8Starred in "Rebel Without a Cause" and "East of Eden" before dying in a car crash.James Dean
65%
26Singer known for songs "I Walk the Line," "Ring of Fire," and "Folsom Prison Blues."Johnny Cash
60%
15Italian astronomer who supported the theory of heliocentricism.Galileo Galilei
56%
9Starred in "Goodfellas," "Casino," "Raging Bull," and "Home Alone."Joe Pesci
53%
27Classic Hollywood actress who was married to Richard Burton. Twice.Elizabeth Taylor
51%
21Starred in "Die Hard," "Galaxy Quest," and the Harry Potter series.Alan Rickman
44%
18Hip-hop icon who sold his headphones to Apple for over $3 billion.Dr. Dre
44%
14Former slave / abolitionist who published the newspaper known as the North Star.Frederick Douglass
31%
13Former mayor of Cincinnati who is more well-known for a TV show with onstage fights.Jerry Springer
29%
19Singer with the Miracles with hits like "Tears of a Clown," and "A Quiet Storm."Smokey Robinson
29%
3Jamaican singer with songs "Beautiful Girls" and "Fire Burning."Sean Kingston
27%
23Former child actress who appeared in "Man on Fire," and "War of the Worlds."Dakota Fanning
25%
10Starred in "The Hunger Games," "Pitch Perfect," and "The LEGO Movie."Elizabeth Banks
15%
29Hip-hop artist who teamed up with Jennifer Lopez for the song "I'm Real."Ja Rule
13%
28Country singer with hits "Dirt Road Anthem," "Take A Little Ride," and "Burnin It Down."Jason Aldean
5%

Score Distribution

Percentile by Number Answered

Percent of People with Each Score

Your Score History

You have not taken this quiz since the last reset